000
00399nam a2200145Ia 4500
008
100122s9999 xx 000 0 und d
082
_b
5157
_a
821
100
_a
साठे शं गो
245
_a
तो आणि ती
260
_b
श्री. वि. दामले
_c
1941
300
_a
50
630
_a
तो आणि ती
730
_a
तो आणि ती
942
_c
BOOK
999
_c
398506
_d
398503